000 00433nam a2200181Ia 4500
001 16484
005 20260306170313.0
008 260306t2019||||xx |||||||||||||| ||und||
041 _aESP
082 _a348.6
_bL69
100 _aLizares Ayala, Milagros
_eAUT
245 0 _aHorario de trabajo y horas extras
260 _c2019
300 _a48 páginas :
_c24 cm.
650 _aGEN
654 _aCDE
942 _cLIB
_dJUS
_fJUS
_2ddc
_n
999 _c16484
_d16484